Control Systems: (Record no. 589970)
[ view plain ]
| 000 -LEADER | |
|---|---|
| fixed length control field | 00373nam a22001457a 4500 |
| 020 ## - INTERNATIONAL STANDARD BOOK NUMBER | |
| International Standard Book Number | 9788131758373 |
| 040 ## - CATALOGING SOURCE | |
| Transcribing agency | NUST |
| 082 ## - DEWEY DECIMAL CLASSIFICATION NUMBER | |
| Classification number | 629.8 GHO |
| 100 ## - MAIN ENTRY--PERSONAL NAME | |
| Personal name | Ghosh, Smarajit |
| 9 (RLIN) | 732 |
| 245 ## - TITLE STATEMENT | |
| Title | Control Systems: |
| Remainder of title | Theory And Applications |
| 250 ## - EDITION STATEMENT | |
| Edition statement | 2nd Edition |
| 260 ## - PUBLICATION, DISTRIBUTION, ETC. | |
| Place of publication, distribution, etc. | NEW DELHI: |
| Name of publisher, distributor, etc. | PEARSON EDUCATION, |
| Date of publication, distribution, etc. | 2012. |
| 650 ## - SUBJECT ADDED ENTRY--TOPICAL TERM | |
| Topical term or geographic name entry element | Control System |
| 9 (RLIN) | 67839 |
| 942 ## - ADDED ENTRY ELEMENTS (KOHA) | |
| Source of classification or shelving scheme | |
| Koha item type | Book |
| Withdrawn status | Lost status | Source of classification or shelving scheme | Damaged status | Not for loan | Permanent Location | Current Location | Shelving location | Date acquired | Total Checkouts | Full call number | Barcode | Date last seen | Price effective from | Koha item type |
|---|---|---|---|---|---|---|---|---|---|---|---|---|---|---|
| College of Electrical & Mechanical Engineering (CEME) | College of Electrical & Mechanical Engineering (CEME) | General Stacks | 05/25/2022 | 629.8 GHO | CEME-47979 | 05/25/2022 | 05/25/2022 | Book |
